Czy znasz wyniki meczów polskich siatkarzy podczas IO? - Statystyki

Ogólne statystyki
  • Ten quiz został rozwiązany 262 razy
  • Średni wynik to 6 z 6
Statystyki odpowiedzi
Spotkanie Wynik % Poprawnych
Polska - Iran 2:3
99%
Polska - Wenezuela 3:1
98%
Polska - Japonia 3:0
97%
Polska - Francja 2:3
96%
Polska - Włochy 3:0
96%
Polska - Kanada 3:0
96%
Nie znaleziono quizów pasujących do podanych kryteriów
Rozkład punktacji
Procent ludzi z każdym wynikiem
Percentyl według liczby udzielonych odpowiedzi
Twoja historia wyników
Nie rozwiązałeś tego quizu